000 00772nam a2200265Ia 4500
003 OSt
005 20221005062155.0
006 a|||||r|||| 00| 0
007 ta
008 221004b |||||||| |||| 00| 0 eng d
020 _a9781138853867 (pbk)
_c2782.48
024 _a24156
037 _b64, 31/12/2015, Mallika Books
_cTextual
040 _aCRL
_cCRL
_beng
041 _2eng
_aeng
082 _aP:(Y), Q5
100 _aGee James Paul
_967609
245 0 _aSocial linguistics and literacies
_b Ideology in discourses
250 _a5th
260 _aLondon
_bRoutledge UK
_c2015
300 _avi, 282p.
_ccm.
650 _aLINGUISTICS
942 _hP:(Y), Q5
_cTEXL
_2cc
999 _c969294
_d969294